Автоматизированное рабочее место диспетчера грузоперевозок предприятия; Современные техника и технологии; Т. 2

Bibliographische Detailangaben
Parent link:Современные техника и технологии: сборник трудов XV Международной научно-практической конференции студентов, аспирантов и молодых ученых, Томск, 4-8 мая 2009 г/ Национальный исследовательский Томский политехнический университет (ТПУ).— , 2009
Т. 2.— 2009.— [С. 274-275]
1. Verfasser: Рыбьяков С. Г.
Weitere Verfasser: Триханова Н. В. (научный руководитель)
Zusammenfassung:Заглавие с титульного листа
Электронная версия печатной публикации
Sprache:Russisch
Veröffentlicht: 2009
Schlagworte:
Online-Zugang:http://www.lib.tpu.ru/fulltext/c/2009/C01/V2/139.pdf
Format: Elektronisch Buchkapitel
KOHA link:https://koha.lib.tpu.ru/cgi-bin/koha/opac-detail.pl?biblionumber=246758

MARC

LEADER 00000naa2a2200000 4500
001 246758
005 20260116094542.0
035 |a (RuTPU)RU\TPU\book\268215 
035 |a RU\TPU\book\268207 
090 |a 246758 
100 |a 20131209d2009 k y0rusy50 ca 
101 0 |a rus 
102 |a RU 
135 |a drnn ---uucaa 
181 0 |a i  
182 0 |a b 
200 1 |a Автоматизированное рабочее место диспетчера грузоперевозок предприятия  |f С. Г. Рыбьяков, Н. В. Триханова  |g науч. рук. Н. В. Триханова 
203 |a Текст  |c электронный 
215 |a 1 файл (682 Кб) 
300 |a Заглавие с титульного листа 
300 |a Электронная версия печатной публикации 
337 |a Adobe Reader 
461 0 |0 (RuTPU)RU\TPU\book\261117  |t Современные техника и технологии  |o сборник трудов XV Международной научно-практической конференции студентов, аспирантов и молодых ученых, Томск, 4-8 мая 2009 г  |o в 3 т.  |f Национальный исследовательский Томский политехнический университет (ТПУ)  |d 2009 
463 0 |0 (RuTPU)RU\TPU\book\266450  |t Т. 2  |v [С. 274-275]  |d 2009 
610 1 |a электронный ресурс 
610 1 |a труды учёных ТПУ 
610 1 |a грузоперевозки 
610 1 |a диспетчеры 
610 1 |a автоматизированное рабочее место 
610 1 |a информационные системы 
610 1 |a учетный процесс 
610 1 |a разработка 
700 1 |a Рыбьяков  |b С. Г. 
701 1 |a Триханова  |b Н. В. 
702 1 |a Триханова  |b Н. В.  |4 727 
801 1 |a RU  |b 63413507  |c 20130617 
801 2 |a RU  |b 63413507  |c 20131209  |g RCR 
856 4 |u http://www.lib.tpu.ru/fulltext/c/2009/C01/V2/139.pdf 
942 |c CF